| 000 | 00546nam a2200181Ia 4500 | ||
|---|---|---|---|
| 999 |
_c14630 _d14630 |
||
| 003 | OSt | ||
| 005 | 20201103115622.0 | ||
| 008 | 190216s9999||||xx |||||||||||||| ||und|| | ||
| 020 | _a9788172343934 | ||
| 040 | _coclc | ||
| 082 |
_a813.52 _bHEM/O |
||
| 100 |
_aHemingway, Ernest _95210 |
||
| 245 | 4 |
_aThe Old Man And The Sea / _cErnest Hemingway |
|
| 260 |
_bHarper Collins Publishers, _c2012. _aNew zealand: |
||
| 300 | _a103p | ||
| 650 | _aEnglish Novel-English Novel | ||
| 942 |
_cBK _2ddc _h813.52 _iHEM/O _k813.52 _mHEM/O |
||